[Event "Landesliga Sued 9697"]
[Site "Bayern"]
[Date "1996.11.17"]
[Round "2"]
[White "Droletz, Juergen"]
[Black "Schmaus, Horst"]
[Result "0-1"]
[WhiteElo "2155"]
[BlackElo "1904"]
[PlyCount "76"]
[EventDate "1996.10.13"]
[EventType "team-tourn"]
[EventRounds "9"]
[EventCountry "GER"]
[SourceTitle "EXT 2020"]
[Source "ChessBase"]
[SourceDate "2019.10.17"]
[SourceVersion "1"]
[SourceVersionDate "2019.10.17"]
[SourceQuality "1"]
[WhiteTeam "Muenchen Siemens"]
[BlackTeam "Landshut"]
[WhiteTeamCountry "GER"]
[BlackTeamCountry "GER"]

1. Nf3 d6 2. d4 Nf6 3. c4 g6 4. g3 Bg7 5. Bg2 0-0 6. 0-0 Nbd7 7. Nc3 e5 8. e4 c6 9. Re1 Ng4 10. h3 exd4 11. Nxd4 Qf6 12. Qxg4 Qxd4 13. Qe2 Ne5 14. Rd1 Qxc4 15. Qxc4 Nxc4 16. Bf1 Be6 17. Bxc4 Bxc4 18. Rxd6 Rad8 19. Rxd8 Rxd8 20. Be3 a6 21. a3 Bb3 22. Rc1 Kf8 23. Kf1 Ke8 24. Ke2 Rd7 25. Bc5 Bc4+ 26. Ke1 Be6 27. g4 h5 28. f3 Rd3 29. Kf2 hxg4 30. hxg4 Rd2+ 31. Ke3 Rxb2 32. f4 Bxg4 33. e5 Bf8 34. Ne4 Rb3+ 35. Kd4 Bxc5+ 36. Kxc5 Ke7 37. Nf6 Bf3 38. Kd4 Ke6 0-1

[Event "Oberliga Bayern 9596"]
[Site "Bayern"]
[Date "1996.??.??"]
[Round "?"]
[White "Droletz, Juergen"]
[Black "Lickleder, Andreas"]
[Result "1/2-1/2"]
[WhiteElo "2125"]
[BlackElo "2235"]
[PlyCount "64"]
[EventDate "1995.10.15"]
[EventType "team-tourn"]
[EventRounds "9"]
[EventCountry "GER"]
[SourceTitle "EXT 2020"]
[Source "ChessBase"]
[SourceDate "2019.10.17"]
[SourceVersion "1"]
[SourceVersionDate "2019.10.17"]
[SourceQuality "1"]
[WhiteTeam "Muenchen Siemens"]
[BlackTeam "Milbertshofen (SG Schwabing)"]
[WhiteTeamCountry "GER"]
[BlackTeamCountry "GER"]

1. Nf3 c5 2. c4 Nf6 3. Nc3 e6 4. g3 b6 5. Bg2 Bb7 6. 0-0 a6 7. d4 cxd4 8. Qxd4 d6 9. b3 Nbd7 10. Rd1 Qc7 11. Bb2 Be7 12. Rac1 0-0 13. e4 Rac8 14. h3 Qb8 15. Ne1 Bc6 16. Nd3 b5 17. cxb5 axb5 18. Kh2 e5 19. Qe3 b4 20. Nd5 Bxd5 21. exd5 Qb5 22. Qd2 Rxc1 23. Rxc1 Nxd5 24. Nxe5 Nxe5 25. Bxd5 Qd3 26. Qxd3 Nxd3 27. Rc2 Nxb2 28. Rxb2 Rc8 29. Re2 Kf8 30. Bc4 Rc5 31. Rd2 Ra5 32. Kg2 g6 1/2-1/2

[Event "Oberliga Bayern 9596"]
[Site "Bayern"]
[Date "1996.??.??"]
[Round "?"]
[White "Jauernig, Udo"]
[Black "Droletz, Juergen"]
[Result "0-1"]
[WhiteElo "2085"]
[BlackElo "2125"]
[PlyCount "116"]
[EventDate "1995.10.15"]
[EventType "team-tourn"]
[EventRounds "9"]
[EventCountry "GER"]
[SourceTitle "EXT 2020"]
[Source "ChessBase"]
[SourceDate "2019.10.17"]
[SourceVersion "1"]
[SourceVersionDate "2019.10.17"]
[SourceQuality "1"]
[WhiteTeam "Regensburg Fortuna"]
[BlackTeam "Muenchen Siemens"]
[WhiteTeamCountry "GER"]
[BlackTeamCountry "GER"]

1. d4 g6 2. c4 Bg7 3. Nc3 d6 4. e4 Nc6 5. Be3 e5 6. Nge2 Nf6 7. d5 Ne7 8. f3 0-0 9. Qd2 c6 10. Ng3 cxd5 11. cxd5 a6 12. Bd3 Nd7 13. 0-0 f5 14. exf5 Nxf5 15. Nxf5 gxf5 16. f4 e4 17. Be2 b5 18. Kh1 Bb7 19. Bd4 Bxd4 20. Qxd4 Qb6 21. Qd2 Nf6 22. b4 Bc8 23. a4 Bd7 24. a5 Qa7 25. Nd1 Rac8 26. Ra3 Kf7 27. Rg3 Rg8 28. Rg5 h6 29. Rxg8 Kxg8 30. Ne3 Kf7 31. Rg1 h5 32. Nf1 Ke7 33. Qe1 Qd4 34. Ng3 Rh8 35. Qc1 Rc8 36. Qe1 Rh8 37. Qc1 h4 38. Nf1 Rc8 39. Qe1 Rc2 40. h3 Qc3 41. Qxh4 Rxe2 42. Ng3 Rc2 43. Qg5 Kf7 44. Nxf5 Bxf5 45. Qxf5 Qc8 46. Qg5 Rc3 47. f5 Qg8 48. Qd2 Qg3 49. Re1 Rd3 50. Qc1 Rxd5 51. Qc7+ Kf8 52. Qd8+ Ne8 53. Rf1 Rd2 54. Rg1 e3 55. f6 Qe5 56. f7 Kxf7 57. Qd7+ Kf8 58. Rf1+ Rf2 0-1

[Event "Oberliga Bayern 9596"]
[Site "Bayern"]
[Date "1996.??.??"]
[Round "?"]
[White "Schmidt, Gerhard3333"]
[Black "Droletz, Juergen"]
[Result "1/2-1/2"]
[WhiteElo "2346"]
[BlackElo "2125"]
[PlyCount "128"]
[EventDate "1995.10.15"]
[EventType "team-tourn"]
[EventRounds "9"]
[EventCountry "GER"]
[SourceTitle "EXT 2020"]
[Source "ChessBase"]
[SourceDate "2019.10.17"]
[SourceVersion "1"]
[SourceVersionDate "2019.10.17"]
[SourceQuality "1"]
[WhiteTeam "Muenchen FC Bayern"]
[BlackTeam "Muenchen Siemens"]
[WhiteTeamCountry "GER"]
[BlackTeamCountry "GER"]

1. d4 g6 2. c4 Bg7 3. Nc3 d6 4. Nf3 Bg4 5. e3 Nc6 6. d5 Ne5 7. Be2 Nxf3+ 8. Bxf3 Bxf3 9. Qxf3 Nf6 10. 0-0 0-0 11. e4 Qd7 12. h3 h6 13. Bf4 Kh7 14. Rfe1 Nh5 15. Bh2 e5 16. Qe3 b6 17. b4 Nf4 18. c5 f5 19. Rac1 fxe4 20. Qxe4 dxc5 21. bxc5 Rad8 22. cxb6 axb6 23. Bxf4 Rxf4 24. Qe2 Rdf8 25. Ne4 R8f7 26. Red1 Qa4 27. f3 Bf8 28. Rc4 Qa5 29. Qc2 Qa3 30. Qc3 Qa7 31. Rc6 Qa4 32. Qc2 Qxc2 33. Rxc2 Rd7 34. Rc6 Rff7 35. Nf6+ Kg7 36. Nxd7 Rxd7 37. Kf2 Bc5+ 38. Ke2 Bd6 39. Kd3 Kf6 40. Ke4 Kg5 41. g3 Rd8 42. a4 Ra8 43. Rc4 Ra5 44. Rdc1 Ra7 45. Rb1 Kf6 46. Rb5 Ke7 47. a5 bxa5 48. Ra4 Ra8 49. Raxa5 Rf8 50. Ra6 h5 51. h4 Rg8 52. Rba5 Rb8 53. Ra2 Rb4+ 54. Ke3 Rb1 55. Rc2 Rg1 56. Kf2 Rd1 57. Ra5 Kf6 58. Rb5 Kf5 59. Kg2 Rd4 60. Ra2 Kf6 61. Rc2 Kf5 62. Kf2 Rd1 63. Ke2 Rg1 64. Kf2 Rd1 1/2-1/2

[Event "Oberliga Bayern 9394"]
[Site "Bayern"]
[Date "1994.01.30"]
[Round "5.6"]
[White "Droletz, Juergen"]
[Black "Lickleder, Andreas"]
[Result "1/2-1/2"]
[WhiteElo "2145"]
[BlackElo "2120"]
[PlyCount "55"]
[EventDate "1993.10.10"]
[EventType "team-tourn"]
[EventRounds "9"]
[EventCountry "GER"]
[SourceTitle "EXT 2020"]
[Source "ChessBase"]
[SourceDate "2019.10.17"]
[SourceVersion "1"]
[SourceVersionDate "2019.10.17"]
[SourceQuality "1"]
[WhiteTeam "Muenchen Siemens"]
[BlackTeam "Milbertshofen (SG Schwabing)"]
[WhiteTeamCountry "GER"]
[BlackTeamCountry "GER"]

1. Nf3 c5 2. c4 Nf6 3. Nc3 b6 4. g3 Bb7 5. Bg2 e6 6. 0-0 Be7 7. d4 cxd4 8. Qxd4 d6 9. b3 Nbd7 10. e4 Nc5 11. Nd2 0-0 12. Bb2 a6 13. Rfd1 Qc7 14. Rac1 Rac8 15. Nf1 Qb8 16. Ne3 e5 17. Qd2 Ncxe4 18. Nxe4 Nxe4 19. Qe2 Qa8 20. Nf5 Bg5 21. f4 Bf6 22. Nxd6 Nxd6 23. Rxd6 Bxg2 24. Qxg2 Be7 25. Rd5 Bc5+ 26. Kh1 exf4 27. gxf4 f6 28. Bd4 1/2-1/2

[Event "Oberliga Bayern 9394"]
[Site "Bayern"]
[Date "1994.01.16"]
[Round "4.5"]
[White "Droletz, Juergen"]
[Black "Schreiner, Richard"]
[Result "0-1"]
[WhiteElo "2145"]
[BlackElo "2215"]
[PlyCount "62"]
[EventDate "1993.10.10"]
[EventType "team-tourn"]
[EventRounds "9"]
[EventCountry "GER"]
[SourceTitle "EXT 2020"]
[Source "ChessBase"]
[SourceDate "2019.10.17"]
[SourceVersion "1"]
[SourceVersionDate "2019.10.17"]
[SourceQuality "1"]
[WhiteTeam "Muenchen Siemens"]
[BlackTeam "Regensburg DJK"]
[WhiteTeamCountry "GER"]
[BlackTeamCountry "GER"]

1. Nf3 d6 2. c4 e5 3. Nc3 f5 4. d3 g6 5. g3 Bg7 6. Bg2 Nc6 7. 0-0 Nf6 8. Rb1 0-0 9. b4 h6 10. Bd2 g5 11. e3 Ne7 12. Nd5 Ng6 13. Ne1 f4 14. exf4 exf4 15. gxf4 g4 16. Nc2 c6 17. Nxf6+ Qxf6 18. f3 Qh4 19. fxg4 Bxg4 20. Qe1 Qh5 21. Qg3 Nh4 22. h3 Be2 23. Rf2 Nf5 24. Qh2 Bxd3 25. Bf3 Qf7 26. Rc1 Rae8 27. Kh1 Bxc4 28. Rg1 Kh7 29. Qg2 Bd3 30. Ne1 Bb1 31. Re2 Bd4 0-1